Mistborn Trivia - Statistics

General Stats
  • This quiz has been taken 104 times
  • The average score is 11 of 20
Answer Stats
Hint Answer % Correct
Harmony's first name Sazed
84%
Ruin's name ati
74%
Gets preserved and comes back into the physical world through hemalurgy Kelsier
73%
1st element of Harmonium atium
68%
name of someone born with allomancy and feruchemy twinborn
68%
What allomantic metals do absolutely nothing for mistings? aluminum
66%
What is the name of the world? Scadrial
65%
Preservation's name Leras
61%
What allomantic metals do absolutely nothing for mistings? duralumin
56%
2nd element of Harmonium lerasium
55%
What shard wanted to take over the world? Autonomy
50%
someone who continuous flares a metal, like Spook savant
50%
What is it called when you gain allomantic powers?(not hemalurgically) snapping
50%
Moniker for the previous person Survivor
50%
category of metals Physical
45%
category of metals Mental
43%
Hoid's name Cephandrius
38%
What was it called when Harmony remade the world? catacendre
34%
category of metals Temporal
30%
category of metals Enhancement
21%
No matching quizzes found
Score Distribution
Percent of People with Each Score
Percentile by Number Answered
Your Score History
You have not taken this quiz